Normale Ansicht MARC-Ansicht ISBD

Belarus : (Titelsatznr. 74089)

[ MARC ]
MARC-Details
000 -Satzkennung
Kontrollfeld mit fester Länge 01448nam a22003733i 4500
001 - Kontrollnummer
Kontrollfeld EBC32526132
003 - Kontrollnummer Identifier
Kontrollfeld MiAaPQ
005 - Datum und Zeit der letzten Transaktion
Kontrollfeld 20260417131854.0
007 - Feld mit fester Länge zur physischen Beschreibung - Allgemeine Information
Kontrollfeld mit fester Länge cr cnu||||||||
008 - Feld mit fester Länge zur physischen Beschreibung - Allgemeine Angaben
Kontrollfeld mit fester Länge 260416s2026 xx o ||||0 eng d
020 ## - Internationale Standardbuchnummer
Internationale Standardbuchnummer 9780197772980
Nähere Angaben (electronic bk.)
020 ## - Internationale Standardbuchnummer
Gelöschte/ungültige ISBN 9780197772966
040 ## - Katalogisierungsquelle
Original-Katalogisierungsstelle MiAaPQ
Katalogisierungssprache eng
Übertragungsstelle MiAaPQ
100 1# - Haupteintragung - Personenname
Personenname R. Marples, David.
Koha-Normdatenidentnummer 69068
245 10 - Titel
Titel Belarus :
Zusatz zum Titel What Everyone Needs to Know®.
250 ## - Ausgabebezeichnung
Ausgabebezeichnung 1st ed.
264 #1 - Produktion, Veröffentlichung, Distribution, Herstellung und Urheberrechtsvermerk
Herstellungs-, Veröffentlichungs- Vertriebs-, Erzeugungsort New York :
Produzent, Herausgeber, Distributor, Hersteller Oxford University Press, Incorporated,
Datum der Herstellung, der Veröffentlichung, des Vertriebs oder des Urheberschutzvermerks 2026.
264 #4 - Produktion, Veröffentlichung, Distribution, Herstellung und Urheberrechtsvermerk
Datum der Herstellung, der Veröffentlichung, des Vertriebs oder des Urheberschutzvermerks {copy}2026.
300 ## - Physische Beschreibung
Umfang 1 online resource (289 pages)
336 ## - Inhaltstyp
Inhaltstypterm Text
Inhaltstypcode txt
Quelle rdacontent
337 ## - Medientyp
Bezeichnung des Medientyps Computermedien
Medientypcode c
Quelle rdamedia
338 ## - Datenträgertyp
Datenträgertypbezeichnung Online Resource
Datenträgertypcode cr
Quelle rdacarrier
490 0# - Gesamttitelangabe
Gesamttitelangabe What Everyone Needs to Know® Series
500 ## - Allgemeine Fußnote
Allgemeine Fußnote E-Book-ProQuest / Fernzugriff nach Registrierung möglich
520 ## - Fußnote zu Zusammenfassungen usw.
Fußnote zur Zusammenfassung usw. Belarus: What Everyone Needs to Know ® explain Belarus to outsiders, tracing its development, history, and formation of a modern identity.
651 ## - Nebeneintragung unter einem Schlagwort - Geografischer Name
Geografischer Name Belarus
655 ## - Indexierungsterm - Genre/Form
Genre/Form oder fokussierter Term Fernzugriff
Koha-Normdatenidentnummer 230
655 #4 - Indexierungsterm - Genre/Form
Genre/Form oder fokussierter Term
700 1# - Nebeneintragung - Personenname
Personenname Laputska, Veronica.
Koha-Normdatenidentnummer 69069
776 08 - Andere physische Form
Verweisungsphrase Print version:
Haupteintragung R. Marples, David
Titel Belarus
Ort, Verlag und Erscheinungsjahr New York : Oxford University Press, Incorporated,c2026
Internationale Standardbuchnummer 9780197772966
856 40 - Elektronische Adresse und Zugriff
URL <a href="https://ebookcentral.proquest.com/lib/maxweberstiftung-ebooks/detail.action?docID=32526132">https://ebookcentral.proquest.com/lib/maxweberstiftung-ebooks/detail.action?docID=32526132</a>
OPAC-Notiz Volltext
942 ## - Zusätzliche Felder (Koha)
Koha-Medientyp E-Books
Klassifikation oder Aufstellungssystematik Andere/Generische Klassifikation
Exemplare
Ausgeschieden Verloren Klassifikation oder Aufstellungssystematik Beschädigt Nicht entleihbar Heimatbibliothek Aufenthaltsbibliothek Aufstellungsort Erwerbungsdatum Inventarnummer Signatur Barcode Letzte Aktivität Preis gültig von Koha-Medientyp
    Andere/Generische Klassifikation     MWN Osteuropa MWN Osteuropa Online-Ressource 16/04/2026 26-e00329 E-26-e00329 77026 16/04/2026 16/04/2026 E-Books